000 00943nam a2200229 a 4500
001 BRCA_9127
005 20190320210529.0
008 051017s1794----sp-#######---#000-0#spa-#
041 _aspa
044 _asp
084 _aBE146
_b.E24 1794
100 1 _aEcharri, Francisco
_921904
245 1 0 _aDirectorio moral del reverendo padre Fr. Francisco Echarri, del Orden de N.P.S. Francisco de la Regular Observancia
_ctercera vez ilustrado con adiciones por via de notas, y exactamente corregido por Don Francisco Giron y Serrado, presbítero; Tomo segundo.
260 _aMadrid
_bEn la Imprenta Real
_c1794
300 _a594 p. (t.2)
_c21.5 x 15.5 cm
500 _aCon las licencias necesarias
500 _aEstado físico: presenta encuadernación en pergamino, con presencia del pez de plata
650 1 4 _aTeología moral
_yObras anteriores a 1800
_921355
700 1 _aGiron y Serrado, Francisco
_921905
902 _aCFM
942 _2lcc
_cB
999 _c8775
_d8775